[Event "22nd ECCC Women 2017"]
[Site "Antalya"]
[Date "2017.10.09"]
[Round "2"]
[White "Kaplan, Ebru"]
[Black "Richard, Emma"]
[Result "1/2-1/2"]
[WhiteElo "2001"]
[BlackElo "2086"]
[Annotator "NA"]
[PlyCount "76"]
[EventType "team-tourn"]
[EventCountry "TUR"]
[SourceTitle "playchess.com"]
[Source "ChessBase"]
[SourceQuality "1"]
[WhiteTeam "Mediterranean"]
[BlackTeam "Mulhouse Philidor"]
[TimeControl "40/5400+30:1800+30"]

1. e4 c5 2. Nf3 Nc6 3. Bb5 Nf6 {[%emt 0:01:00]} 4. Qe2 {[%emt 0:17:00]} g6 {[%emt 0:00:30]} 5. c3 {[%emt 0:03:30]} Bg7 {[%emt 0:02:30]} 6. O-O {[%emt 0:01:30]} O-O {[%emt 0:04:30]} 7. h3 {[%emt 0:06:30]} d6 {[%emt 0:01:30]} 8. d4 {[%emt 0:02:30]} cxd4 {[%emt 0:01:30]} 9. cxd4 {[%emt 0:00:30]} a6 {[%emt 0:01:30]} 10. Ba4 {[%emt 0:04:30]} b5 {[%emt 0:01:30]} 11. Bc2 {[%emt 0:01:30]} Qc7 {[%emt 0:11:30]} 12. a3 $11 {[%emt 0:05:30]} Nd7 {[%emt 0:12:30]} 13. Be3 {[%emt 0:02:30]} e5 {[%emt 0:10:30]} 14. Rd1 {[%emt 0:08:30]} Nb6 {[%emt 0:06:30]} 15. Nc3 {[%emt 0:05:30]} Nc4 {[%emt 0:06:30]} 16. dxe5 {[%emt 0:07:30]} N6xe5 {[%emt 0:02:30]} 17. Nxe5 {[%emt 0:03:30]} Nxe3 {[%emt 0:05:30]} 18. Nxg6 {[%emt 0:12:16]} Bxc3 {[%emt 0:06:30]} 19. Nxf8 {[%emt 0:08:22]} Bxb2 {[%emt 0:07:24]} 20. fxe3 {[%emt 0:01:56]} Bxa1 {[%emt 0:02:17]} 21. Rxa1 {[%emt 0:00:30]} Kxf8 {[%emt 0:00:00]} 22. Bb3 {[%emt 0:02:17]} Qc3 {[%emt 0:03:56]} 23. Rb1 {[%emt 0:00:07]} Ra7 {[%emt 0:00:00]} 24. Kh1 {[%emt 0:01:34]} Rc7 {[%emt 0:05:17]} 25. Qd1 {[%emt 0:03:02]} Qe5 {[%emt 0:00:12]} 26. Bd5 {[%emt 0:00:12]} Be6 {[%emt 0:02:39]} 27. a4 {[%emt 0:01:48]} Bxd5 {[%emt 0:04:05]} 28. exd5 {[%emt 0:00:30]} Rc5 {[%emt 0:00:06]} 29. axb5 {[%emt 0:00:39]} axb5 {[%emt 0:01:17]} 30. Qd3 {[%emt 0:00:34]} Rxd5 {[%emt 0:00:10]} 31. Qxh7 {[%emt 0:00:11]} Qxe3 {[%emt 0:00:56]} 32. Rf1 {[%emt 0:00:48]} Qe6 {[%emt 0:00:14]} 33. Qh8+ {[%emt 0:00:41]} Ke7 {[%emt 0:00:04]} 34. Qh4+ {[%emt 0:00:00]} Kd7 {[%emt 0:00:26]} 35. Qh7 {[%emt 0:00:38]} Ke7 {[%emt 0:00:57]} 36. Qh4+ {[%emt 0:00:30]} Kd7 {[%emt 0:00:30]} 37. Qh7 {[%emt 0:00:30]} Ke7 {[%emt 0:00:30]} 38. Qh4+ {[%emt 0:00:30]} Kd7 {[%emt 0:00:00]} 1/2-1/2

[Event "22nd ECCC Women 2017"]
[Site "Antalya"]
[Date "2017.10.10"]
[Round "2"]
[White "Sade, Defne"]
[Black "Ozbay, Ece"]
[Result "0-1"]
[WhiteElo "1951"]
[BlackElo "1998"]
[Annotator "NA"]
[PlyCount "94"]
[EventType "team-tourn"]
[EventCountry "TUR"]
[SourceTitle "playchess.com"]
[Source "ChessBase"]
[SourceQuality "1"]
[WhiteTeam "Aegean"]
[BlackTeam "Marmara"]
[TimeControl "40/5400+30:1800+30"]

1. e4 c5 2. Nf3 e6 3. d4 cxd4 4. Nxd4 Nc6 5. Nc3 Qc7 6. Be2 Nf6 7. Be3 a6 {[%emt 0:02:00]} 8. O-O {[%emt 0:02:00]} Be7 {[%emt 0:02:30]} 9. f4 {[%emt 0:01:30]} d6 {[%emt 0:00:30]} 10. a4 {[%emt 0:02:30]} O-O {[%emt 0:02:30]} 11. Qe1 {[%emt 0:04:30]} b6 {[%emt 0:01:30]} 12. Nxc6 {[%emt 0:23:30]} Qxc6 {[%emt 0:01:30]} 13. Bf3 {[%emt 0:01:30]} Nd7 {[%emt 0:02:30]} 14. Qg3 {[%emt 0:03:30]} Rd8 {[%emt 0:11:30]} 15. Kh1 {[%emt 0:13:30]} Bb7 {[%emt 0:07:30]} 16. e5 {[%emt 0:11:30]} Qc7 {[%emt 0:07:30]} 17. f5 {[%emt 0:20:02]} dxe5 {[%emt 0:09:30]} 18. fxe6 {[%emt 0:00:51]} fxe6 {[%emt 0:00:30]} 19. Qg4 {[%emt 0:01:30]} Bxf3 {[%emt 0:13:30]} 20. Qxe6+ {[%emt 0:01:27]} Kh8 {[%emt 0:00:00]} 21. Qxe7 {[%emt 0:02:18]} Bh5 {[%emt 0:01:00]} 22. Qg5 {[%emt 0:07:17]} Bg6 {[%emt 0:01:30]} 23. h4 {[%emt 0:00:59]} Nf6 {[%emt 0:01:30]} 24. Qg3 {[%emt 0:02:41]} Nh5 {[%emt 0:03:30]} 25. Qg5 {[%emt 0:00:42]} Rf8 {[%emt 0:07:30]} 26. Nd5 {[%emt 0:00:31]} Rxf1+ {[%emt 0:00:30]} 27. Rxf1 {[%emt 0:00:03]} Qc4 {[%emt 0:00:30]} 28. Rd1 {[%emt 0:01:04]} Qxc2 {[%emt 0:13:07]} 29. Nc3 {[%emt 0:00:19]} h6 {[%emt 0:03:21]} 30. Qxe5 {[%emt 0:00:41]} Re8 {[%emt 0:00:23]} 31. Qd4 {[%emt 0:00:19]} Ng3+ {[%emt 0:00:12]} 32. Kg1 {[%emt 0:00:35]} Nf5 {[%emt 0:00:11]} 33. Qd2 {[%emt 0:00:38]} Nxe3 {[%emt 0:00:59]} 34. Qxc2 {[%emt 0:00:14]} Bxc2 {[%emt 0:00:00]} 35. Re1 {[%emt 0:00:16]} Bg6 {[%emt 0:00:40]} 36. Kf2 {[%emt 0:00:16]} Nc4 {[%emt 0:00:00]} 37. Rxe8+ {[%emt 0:00:32]} Bxe8 {[%emt 0:00:00]} 38. b3 {[%emt 0:00:00]} Na5 {[%emt 0:02:14]} 39. b4 {[%emt 0:00:52]} Nc6 {[%emt 0:00:01]} 40. b5 {[%emt 0:00:00]} axb5 {[%emt 0:02:22]} 41. axb5 {[%emt 0:00:23]} Ne7 {[%emt 0:00:30]} 42. g4 {[%emt 0:00:30]} Kg8 {[%emt 0:00:30]} 43. Kf3 {[%emt 0:00:30]} Kf7 {[%emt 0:00:30]} 44. Ke4 {[%emt 0:00:30]} Ke6 {[%emt 0:00:30]} 45. g5 {[%emt 0:00:30]} h5 {[%emt 0:00:30]} 46. Ne2 {[%emt 0:00:30]} Bg6+ {[%emt 0:00:30]} 47. Kd4 {[%emt 0:00:30]} Nf5+ {[%emt 0:00:30]} 0-1

[Event "22nd ECCC Women 2017"]
[Site "Antalya"]
[Date "2017.10.09"]
[Round "2"]
[White "Ayan, Bengu Sena"]
[Black "Caglar, Sila"]
[Result "1-0"]
[WhiteElo "1888"]
[BlackElo "2153"]
[Annotator "NA"]
[PlyCount "46"]
[EventType "team-tourn"]
[EventCountry "TUR"]
[SourceTitle "playchess.com"]
[Source "ChessBase"]
[SourceQuality "1"]
[WhiteTeam "Aegean"]
[BlackTeam "Marmara"]
[TimeControl "40/5400+30:1800+30"]

1. d4 Nf6 2. c4 e5 3. dxe5 Ng4 4. Bf4 g5 {[%emt 0:00:30]} 5. Bg3 {[%emt 0:02:30]} Bg7 {[%emt 0:00:30]} 6. e3 {[%emt 0:09:30]} Nxe5 {[%emt 0:01:30]} 7. Nc3 {[%emt 0:04:30]} Nbc6 {[%emt 0:02:30]} 8. Be2 {[%emt 0:02:30]} d6 {[%emt 0:12:30]} 9. Nf3 {[%emt 0:03:30]} Be6 {[%emt 0:05:30]} 10. Qa4 {[%emt 0:06:30]} O-O {[%emt 0:09:30]} 11. h4 {[%emt 0:14:30]} g4 $1 {[%emt 0:04:30]} 12. Nd4 {[%emt 0:04:30]} Bd7 {[%emt 0:05:30]} 13. Qc2 $17 {[%emt 0:05:30]} (13. Qd1 $1 $15) 13... Nxd4 {[%emt 0:18:30]} 14. exd4 {[%emt 0:01:30]} Nc6 {[%emt 0:00:30]} 15. O-O {[%emt 0:12:30]} Nxd4 {[%emt 0:01:30]} 16. Qd2 {[%emt 0:00:30]} Bf5 {[%emt 0:08:30]} 17. Nd5 {[%emt 0:08:30]} Re8 {[%emt 0:09:41]} 18. Ne3 {[%emt 0:02:30]} h5 {[%emt 0:05:54]} 19. Bd3 {[%emt 0:03:10]} Bd7 {[%emt 0:08:41]} 20. Nd5 {[%emt 0:05:22]} Nf5 {[%emt 0:02:23]} 21. Bxf5 {[%emt 0:04:20]} Bxf5 {[%emt 0:00:02]} 22. Rfe1 {[%emt 0:00:10]} Be6 {[%emt 0:02:42]} 23. Nf4 {[%emt 0:01:52]} Bxc4 {[%emt 0:01:07]} 1-0

[Event "22nd ECCC Women 2017"]
[Site "Antalya"]
[Date "2017.10.09"]
[Round "2"]
[White "Can, Isil"]
[Black "Choisy, Mathilde"]
[Result "1/2-1/2"]
[WhiteElo "1791"]
[BlackElo "2162"]
[Annotator "NA"]
[PlyCount "73"]
[EventType "team-tourn"]
[EventCountry "TUR"]
[SourceTitle "playchess.com"]
[Source "ChessBase"]
[SourceQuality "1"]
[WhiteTeam "Mediterranean"]
[BlackTeam "Mulhouse Philidor"]
[TimeControl "40/5400+30:1800+30"]

1. e4 d6 2. d4 Nf6 3. Nc3 g6 4. Nf3 Bg7 {[%emt 0:02:30]} 5. Bd3 {[%emt 0:03:30]} O-O {[%emt 0:00:30]} 6. Ne2 {[%emt 0:10:30]} c5 {[%emt 0:08:30]} 7. c3 {[%emt 0:01:30]} Bg4 {[%emt 0:06:30]} 8. d5 {[%emt 0:10:30]} Bxf3 {[%emt 0:09:30]} 9. gxf3 {[%emt 0:00:00]} e6 {[%emt 0:01:30]} 10. Bc4 $17 {[%emt 0:06:00]} (10. dxe6 $1 $14 fxe6 11. O-O) 10... exd5 {[%emt 0:10:30]} 11. Bxd5 {[%emt 0:00:30]} Nxd5 {[%emt 0:03:30]} 12. Qxd5 {[%emt 0:00:00]} Nc6 {[%emt 0:00:00]} 13. Bf4 {[%emt 0:02:00]} Be5 {[%emt 0:22:00]} 14. O-O-O {[%emt 0:09:30]} Bxf4+ {[%emt 0:00:30]} 15. Nxf4 {[%emt 0:00:30]} Ne5 {[%emt 0:00:30]} 16. h4 {[%emt 0:25:30]} Qf6 {[%emt 0:00:30]} 17. Qd2 {[%emt 0:00:30]} Nxf3 {[%emt 0:11:30]} 18. Nd5 {[%emt 0:02:30]} Nxd2 {[%emt 0:00:30]} 19. Nxf6+ {[%emt 0:00:30]} Kg7 {[%emt 0:00:30]} 20. Rxd2 {[%emt 0:00:00]} Kxf6 {[%emt 0:00:30]} 21. Rxd6+ {[%emt 0:00:00]} Ke7 {[%emt 0:01:32]} 22. Rhd1 {[%emt 0:02:30]} Rad8 {[%emt 0:01:38]} 23. Rxd8 {[%emt 0:07:26]} Rxd8 {[%emt 0:00:30]} 24. Rxd8 {[%emt 0:00:30]} Kxd8 {[%emt 0:00:00]} 25. Kd2 {[%emt 0:00:00]} Kd7 {[%emt 0:00:20]} 26. Kd3 {[%emt 0:05:02]} Kd6 {[%emt 0:00:41]} 27. c4 {[%emt 0:02:33]} f6 {[%emt 0:01:29]} 28. f4 {[%emt 0:01:53]} h6 {[%emt 0:00:39]} 29. Ke3 {[%emt 0:00:51]} a6 {[%emt 0:07:20]} 30. b3 {[%emt 0:03:44]} g5 {[%emt 0:07:15]} 31. Kf3 {[%emt 0:05:46]} Ke6 {[%emt 0:00:36]} 32. Kg4 {[%emt 0:00:46]} gxf4 {[%emt 0:00:52]} 33. Kxf4 {[%emt 0:00:00]} h5 {[%emt 0:00:00]} 34. Kf3 {[%emt 0:00:55]} Ke5 {[%emt 0:02:22]} 35. Ke3 {[%emt 0:00:09]} b6 {[%emt 0:00:51]} 36. a3 {[%emt 0:00:28]} a5 {[%emt 0:01:24]} 37. a4 {[%emt 0:00:04]} 1/2-1/2

[Event "22nd ECCC Women 2017"]
[Site "Antalya"]
[Date "2017.10.10"]
[Round "2"]
[White "Ovechkin, Lilia"]
[Black "Arda, Cagil Irmak"]
[Result "0-1"]
[WhiteElo "1779"]
[BlackElo "2040"]
[Annotator "NA"]
[PlyCount "84"]
[EventType "team-tourn"]
[EventCountry "TUR"]
[SourceTitle "playchess.com"]
[Source "ChessBase"]
[SourceQuality "1"]
[WhiteTeam "Beer Sheva"]
[BlackTeam "Anatolia"]
[TimeControl "40/5400+30:1800+30"]

1. d4 Nf6 2. Bg5 d5 {[%emt 0:01:30]} 3. Bxf6 {[%emt 0:02:30]} gxf6 {[%emt 0:00:00]} 4. e3 {[%emt 0:00:30]} c5 {[%emt 0:03:00]} 5. dxc5 {[%emt 0:08:30]} e6 {[%emt 0:07:30]} 6. c4 {[%emt 0:14:30]} dxc4 {[%emt 0:00:30]} 7. Qxd8+ {[%emt 0:08:30]} Kxd8 {[%emt 0:00:30]} 8. Nc3 {[%emt 0:03:30]} Bxc5 {[%emt 0:01:30]} 9. Bxc4 {[%emt 0:02:30]} Ke7 {[%emt 0:02:30]} 10. Nf3 {[%emt 0:02:30]} a6 {[%emt 0:03:30]} 11. O-O {[%emt 0:05:30]} b5 {[%emt 0:01:30]} 12. Be2 {[%emt 0:00:30]} Bb7 {[%emt 0:10:30]} 13. Rac1 {[%emt 0:00:30]} Nd7 {[%emt 0:01:30]} 14. Rfd1 {[%emt 0:00:30]} Rhg8 {[%emt 0:03:30]} 15. g3 {[%emt 0:05:30]} Rac8 {[%emt 0:01:30]} 16. Ne1 {[%emt 0:07:30]} Ne5 {[%emt 0:07:30]} 17. Bf1 {[%emt 0:01:30]} Bb4 {[%emt 0:07:30]} 18. Bg2 {[%emt 0:04:30]} Bxg2 {[%emt 0:01:30]} 19. Kxg2 {[%emt 0:00:30]} Bxc3 {[%emt 0:00:30]} 20. Rxc3 {[%emt 0:01:30]} Rxc3 {[%emt 0:00:30]} 21. bxc3 {[%emt 0:00:00]} Rc8 {[%emt 0:00:00]} 22. f4 {[%emt 0:01:00]} Nc4 {[%emt 0:01:00]} 23. Kf2 {[%emt 0:15:18]} Nb2 {[%emt 0:03:30]} 24. Rc1 {[%emt 0:01:19]} Rxc3 {[%emt 0:02:30]} 25. Rxc3 {[%emt 0:03:26]} Nd1+ {[%emt 0:00:30]} 26. Kf3 {[%emt 0:00:00]} Nxc3 {[%emt 0:00:00]} 27. a3 {[%emt 0:00:00]} f5 {[%emt 0:07:00]} 28. g4 {[%emt 0:01:49]} a5 {[%emt 0:03:30]} 29. gxf5 {[%emt 0:03:06]} exf5 {[%emt 0:00:30]} 30. Nc2 {[%emt 0:00:02]} Kf6 {[%emt 0:08:30]} 31. Kf2 {[%emt 0:02:42]} Ke6 {[%emt 0:04:21]} 32. Nd4+ {[%emt 0:00:56]} Kd5 {[%emt 0:04:26]} 33. Nxf5 {[%emt 0:00:50]} Nb1 {[%emt 0:07:14]} 34. e4+ {[%emt 0:00:51]} Kc5 {[%emt 0:04:52]} 35. e5 {[%emt 0:00:47]} Nxa3 {[%emt 0:01:28]} 36. Nd6 {[%emt 0:00:40]} b4 {[%emt 0:01:02]} 37. Nxf7 {[%emt 0:02:20]} b3 {[%emt 0:00:30]} 38. e6 {[%emt 0:00:30]} Kc6 {[%emt 0:00:30]} 39. Ne5+ {[%emt 0:00:30]} Kd6 {[%emt 0:00:30]} 40. Nd3 {[%emt 0:00:30]} Nc4 {[%emt 0:00:07]} 41. Kf3 {[%emt 0:10:54]} b2 {[%emt 0:01:30]} 42. Nxb2 {[%emt 0:01:30]} Nxb2 {[%emt 0:00:00]} 0-1

[Event "22nd ECCC Women 2017"]
[Site "Antalya"]
[Date "2017.10.13"]
[Round "3"]
[White "Dzagnidze, Nana"]
[Black "Ushenina, Anna"]
[Result "1-0"]
[WhiteElo "2520"]
[BlackElo "2445"]
[Annotator "TA"]
[PlyCount "125"]
[EventType "team-tourn"]
[EventCountry "TUR"]
[WhiteTeam "Batumi"]
[BlackTeam "UGRA"]

{[%evp 9,125,0,2,0,8,17,25,23,29,11,20,-33,56,64,62,58,65,58,58,55,54,70,75,62,56,51,64,0,0,0,0,3,9,11,13,15,10,0,10,8,0,0,0,0,0,0,0,0,0,0,0,0,0,0,0,0,0,0,2,0,0,0,0,0,0,4,6,0,0,0,17,13,72,8,79,79,79,77,207,191,229,208,414,351,671,656,632,535,6552,6452,29976,29976,29972,29970,29978,29979,29979,29980,29980,29981,29982,29983,29983,29984,29985,29984,29984,29985,29985,29984,29984,29985,29986,29987,29987,29988,29989,29990]} 1. c4 Nf6 2. Nf3 c5 3. g3 d5 4. cxd5 Nxd5 5. d4 (5. Bg2 Nc6 6. d4 cxd4 7. Nxd4 Ndb4 8. Nxc6 Qxd1+ 9. Kxd1 Nxc6 10. Nc3 Bd7 11. Be3 g6 12. Rc1 Bg7 13. Ke1 O-O 14. f4 e5 15. Kf2 exf4 16. gxf4 Be6 17. Rhd1 Rfd8 18. Rxd8+ Rxd8 19. Bxc6 bxc6 {½-½ (28) Jakovenko,D (2709)-Nepomniachtchi,I (2749) Sharjah 2017}) 5... cxd4 {LiveBook: 6 Games} 6. Bg2 {A30: Symmetrical English: Double Fianchetto and Hedgehog} Qa5+ $146 ({Predecessor:} 6... Nb4 7. Qa4+ N4c6 8. O-O Bg4 9. Nbd2 a6 10. Rd1 g6 11. Nxd4 Qxd4 {1-0 (39) Manin,V-Krasnov,S Alma-Ata 1971}) 7. Nbd2 Nc6 8. O-O $1 {White has an edge.} e5 9. Nc4 Qc7 10. e3 (10. Nfxe5 $1 $11 Nxe5 11. Bxd5) 10... d3 ({Black should play} 10... Bg4 $15 11. Qa4 O-O-O) 11. Nfxe5 $14 Nxe5 12. Bxd5 {Black must now prevent Nxe5.} Nxc4 13. Qa4+ Bd7 14. Qxc4 Qxc4 15. Bxc4 O-O-O 16. Bd2 f6 17. Bc3 Bg4 18. Bd4 (18. Rac1 $14) 18... Be2 $1 $11 19. Bxa7 {Hoping for Rfc1.} Bxf1 20. Kxf1 Rd6 {Threatens to win with ...d2.} 21. Bd4 d2 {Strongly threatening ...Rc6.} 22. Rd1 Rc6 23. Bd3 Rc1 24. Ke2 Bb4 25. a3 (25. Bb6 {looks sharper.} Rc6 26. Ba7 Rc1 27. h4 Kc7 28. Bd4) 25... Bc5 26. Bxc5 Rxc5 27. Rxd2 {[%mdl 4096] Endgame KRR-KRB} g6 28. b3 Rd8 29. a4 Rc1 30. h4 Kc7 31. Ra2 Rc3 32. Bc4 Rc1 33. a5 Rd6 34. a6 bxa6 35. Bxa6 Kb6 36. Bc4 Rcd1 37. e4 Kc5 38. Bd5 Rb1 39. Ra7 h5 40. Rc7+ Kb4 (40... Kb6 $11 {keeps the balance.} 41. Rb7+ Kc5) 41. Ke3 (41. Bf7 $16) 41... f5 (41... g5 $11) 42. Kf4 $1 $16 fxe4 43. Bxe4 Rf1 (43... Ra1 $16) 44. f3 $1 $18 Rg1 45. Rc6 $1 {[%cal Rc6d6]} Rxc6 $2 (45... Rd8) 46. Bxc6 Kxb3 $2 {KR-KB} (46... Kc5) 47. Be8 Ra1 48. Bxg6 Ra5 49. g4 hxg4 50. fxg4 {White mates.} Kc4 51. h5 Kd5 52. h6 Ke6 53. h7 Ra8 54. Kg5 Rb8 55. Kh6 Kf6 56. g5+ Ke5 57. Bc2 Rc8 58. Bb3 Kf5 59. Bg8 Rc6+ {[#]} 60. Kg7 $1 ({Not} 60. Kh5 Rc2 $11) 60... Rc7+ {[#]} 61. Bf7 $1 Rc8 62. g6 Kg5 63. h8=Q {Precision: White = 80%, Black = 37%.} 1-0

[Event "22nd ECCC Women 2017"]
[Site "Antalya"]
[Date "2017.10.13"]
[Round "3"]
[White "Batsiashvili, Nino"]
[Black "Girya, Olga"]
[Result "1-0"]
[WhiteElo "2472"]
[BlackElo "2505"]
[Annotator "TA"]
[PlyCount "105"]
[EventType "team-tourn"]
[EventCountry "TUR"]
[WhiteTeam "Batumi"]
[BlackTeam "UGRA"]

{[%evp 15,105,-16,-2,0,1,-8,0,-12,6,9,35,22,25,26,30,-10,12,16,14,11,22,16,71,10,29,9,0,0,0,0,92,75,97,80,89,0,0,0,0,0,0,0,0,0,0,0,20,22,7,11,11,20,16,15,5389,5381,29996,29997,29997,101,103,89,271,258,276,270,348,332,329,306,340,346,325,332,365,338,839,333,335,259,855,843,1059,1046,1324,1039,1031,1031,939,910,1217,1119]} 1. d4 Nf6 2. Bf4 d5 3. e3 c5 4. c3 Nc6 5. Nd2 e6 6. Ngf3 Bd6 7. Ne5 Qc7 8. Ndf3 Nd7 {LiveBook: 4 Games. D02: 1 d4 d5 2 Nf3 sidelines, including 2...Nf6 3 g3 and 2...Nf6 3 Bf4} (8... O-O 9. Bd3 b6 10. Nxc6 Qxc6 11. Ne5 Qc7 12. Qf3 Ne4 13. Nc4 Bxf4 14. Qxf4 Qxf4 15. exf4 Ba6 16. Bxe4 dxe4 {½-½ (95) Giri,A (2798)-Hou,Y (2673) Wijk aan Zee 2016}) 9. Nxd7 Bxd7 10. Bg3 Bxg3 $146 {The position is equal.} ({Predecessor:} 10... cxd4 11. exd4 O-O-O 12. Bxd6 Qxd6 13. Bb5 f6 14. O-O h5 15. Re1 g5 16. Nd2 {½-½ (46) Hobusch,J (2173)-Kramer,J (2173) Naumburg Saale 2014}) 11. hxg3 Qd6 12. Bb5 O-O-O 13. Qa4 a6 $1 {[%cal Ra6b5]} 14. Bxc6 $1 Bxc6 15. Qc2 h6 16. dxc5 Qxc5 17. b4 $36 {[%mdl 2048] White is more active.} Qd6 18. a4 Kb8 (18... Kd7 $11) 19. Qb3 (19. O-O $16) 19... Bd7 20. b5 Rc8 21. bxa6 Qxa6 22. Rh4 Rc4 (22... Rc7 $11) 23. Ne5 $16 Rxh4 24. Nxd7+ Kc7 25. Nc5 (25. gxh4 $16 {Threatens to win with Nc5.} Kxd7 26. Rb1) 25... Rh1+ $1 $11 26. Kd2 Rxa1 27. Nxa6+ bxa6 {[%mdl 4096] Endgame KQ-KRR} 28. Qb4 Rb8 29. Qc5+ Kb7 30. e4 dxe4 31. Qe7+ Kc6 32. Qxf7 Rd8+ 33. Kc2 Rd6 34. Kb3 Kc5 $2 {[%mdl 8192] [#]} (34... Rb1+ $11 35. Kc2 Ra1) 35. Qc7+ $1 $18 Rc6 36. Qe5+ Kb6 37. Qd4+ $2 (37. Qb8+ {mates} Kc5 38. Qb4+ Kd5 39. Qd4#) 37... Kb7 38. Qxg7+ (38. Qxe4 $6 Rc1 $11) 38... Rc7 $2 (38... Ka8 $16) 39. Qxh6 Rb1+ {[#]} 40. Kc2 $1 {[%cal Rc2b1]} Rb6 41. a5 Rbc6 42. Qe3 Kc8 43. g4 {[%cal Bg3g4,Bg4g5,Bg5g6,Bg6g7][%mdl 32]} (43. Qxe4 Rxc3+ 44. Kd2 R7c6 $18) 43... Kd7 44. g5 (44. Qxe4 $6 Rxc3+ 45. Kd2 R3c4 $16) 44... Ke7 45. Qd4 ({Not} 45. Qxe4 Rxc3+ 46. Kd2 R3c5 $18) 45... Rc4 $2 (45... Rc5 46. Qf6+ Kd7 47. Qd4+ Ke7 48. Qf6+ (48. Qxe4 Rxc3+ 49. Kd2 R3c5 $18) 48... Kd7) 46. Qe5 $2 (46. Qf6+ Ke8 47. Qxe6+ Kf8 48. Kd2) 46... R4c5 47. Qf6+ ({Resist} 47. Qxe4 $6 Rxc3+ 48. Kd1 R3c5 $18) 47... Kd6 $2 (47... Kd7 48. g4 R7c6) 48. g6 {White is clearly winning.} Rf5 49. Qd4+ Ke7 50. g4 Rfc5 51. Qg7+ Kd6 52. Qf6 Rxa5 53. g7 {Precision: White = 67%, Black = 27%.} 1-0

[Event "22nd ECCC Women 2017"]
[Site "Antalya"]
[Date "2017.10.13"]
[Round "3"]
[White "Pogonina, Natalija"]
[Black "Harika, Dronavalli"]
[Result "1/2-1/2"]
[WhiteElo "2466"]
[BlackElo "2528"]
[Annotator "TA"]
[PlyCount "101"]
[EventType "team-tourn"]
[EventCountry "TUR"]
[WhiteTeam "UGRA"]
[BlackTeam "Batumi"]

{[%evp 21,101,8,0,0,-3,-2,0,0,25,38,35,25,21,33,34,3,8,0,16,9,17,0,0,0,0,0,10,0,0,0,0,0,6,0,0,0,0,0,0,0,0,0,72,0,0,0,0,0,0,0,0,0,0,0,0,0,0,0,0,0,0,-6,0,0,0,0,0,0,0,0,0,0,0,0,0,0,0,0,0,0,0,0]} 1. d4 Nf6 2. Nf3 e6 3. c4 d5 4. g3 Bb4+ 5. Bd2 Be7 6. Bg2 O-O 7. O-O Nbd7 8. Qc2 c6 9. Bf4 b6 10. cxd5 cxd5 11. Rc1 {E08: Closed Catalan: Main Line: 7 Qc2} Bb7 {LiveBook: 21 Games} 12. Qb3 Rc8 13. Rxc8 Qxc8 14. Nc3 {[#]} Qc4 $146 ({Predecessor:} 14... Nh5 15. Bg5 Bxg5 16. Nxg5 Qb8 17. e3 Nhf6 18. Bf1 Rc8 {½-½ (43) Giri,A (2785)-Karjakin,S (2773) Bilbao 2016}) 15. Qxc4 dxc4 16. Nd2 Bxg2 17. Kxg2 Nd5 18. Nxd5 (18. a4 {with more complications.} g5 19. Be3 Nxc3 20. bxc3 h6 21. f3) 18... exd5 19. e4 dxe4 20. Nxe4 Nf6 21. Nxf6+ Bxf6 $11 {[%mdl 4096] Endgame KRB-KRB} 22. Be3 Rd8 23. Kf3 g6 24. Rc1 b5 25. b3 cxb3 26. axb3 a5 27. Ke4 Ra8 28. Kd5 a4 29. Ra1 Rd8+ 30. Kc5 Be7+ 31. Kc6 a3 {[#]} (31... axb3 $11 32. Rb1 b4) 32. Kxb5 (32. d5 $1 $16) 32... Rb8+ $1 {The position is equal.} 33. Kc4 Rc8+ 34. Kd3 Rb8 35. Kc2 Rc8+ $1 36. Kd3 Rb8 37. Rb1 f5 38. Bd2 a2 $1 {[%cal Ra2b1]} 39. Ra1 Rxb3+ 40. Kc2 Ra3 41. Kb2 Kf7 42. Rxa2 Rxa2+ 43. Kxa2 {KB-KB} Ke6 44. Kb3 Kd5 45. Be3 g5 46. f3 g4 47. fxg4 fxg4 48. Kc3 Bf6 49. Kd3 Bg7 50. Bf2 Bf6 51. Be3 {Precision: White = 67%, Black = 77%.} 1/2-1/2

[Event "22nd ECCC Women 2017"]
[Site "Antalya"]
[Date "2017.10.11"]
[Round "3"]
[White "Kashlinskaya, Alina"]
[Black "Paehtz, Elisabeth"]
[Result "0-1"]
[WhiteElo "2455"]
[BlackElo "2453"]
[Annotator "TA"]
[PlyCount "84"]
[EventType "team-tourn"]
[EventCountry "TUR"]
[SourceTitle "playchess.com"]
[Source "ChessBase"]
[SourceQuality "1"]
[WhiteTeam "Legacy Square Capital"]
[BlackTeam "Timisoara"]

{[%evp 12,84,72,57,68,22,18,10,16,17,17,25,7,-7,51,19,35,7,16,0,-13,-36,-14,-41,11,-6,0,-45,-45,-50,-43,-50,-54,-81,-65,-141,-47,-35,0,-132,-106,-113,-84,-69,-43,-105,-29,-45,-45,-44,-31,-104,-107,-167,-66,-74,-64,-220,-226,-226,-178,-189,-177,-164,-174,-775,-768,-920,-891,-29991,-29992,-29995,-29995,-29997,-29998]} 1. d4 d6 2. Nf3 g6 3. c4 Bg7 4. e4 e5 5. Nc3 Bg4 6. d5 a5 7. h3 {LiveBook: 3 Games. A42: Modern Defence: Averbakh Variation} Bd7 8. Bg5 $146 (8. c5 $5) ({Predecessor:} 8. Bd3 Na6 9. g4 h5 10. g5 Ne7 11. Be3 O-O 12. Qe2 c6 13. O-O-O Nb4 14. dxc6 Nexc6 {0-1 (25) Simonet Pons,M (2345)-Nisipeanu,L (2666) Andorra 2003}) 8... f6 9. Be3 {Threatening c5.The position is equal.} (9. Bh4 {is interesting.} Na6 10. Bd3 Nc5 11. Bc2 Ne7 12. Nd2) 9... Bh6 10. Qd2 Bxe3 11. Qxe3 Na6 12. Nd2 Qb8 (12... f5 $11) 13. Rc1 Ne7 14. h4 h5 15. g3 Qa7 16. Qf3 Bg4 17. Qg2 ({Avoid the trap} 17. Qxf6 $2 Rf8 $19) 17... c6 (17... Nc5 $15) 18. Be2 Bxe2 19. Nxe2 Nb4 {[#] aiming for ...Nd3+.} 20. O-O Nxa2 21. Ra1 Nb4 22. Qh3 f5 23. Nb3 (23. exf5 $15 gxf5 24. Nb3) 23... cxd5 ({Black should play} 23... Qb6 $17 24. c5 dxc5 25. Nxa5 Rxa5) 24. Rxa5 $15 Na6 25. cxd5 (25. exd5 $11 {remains equal.} Qb6 26. Rb5) 25... Qb6 $17 26. Ra3 O-O 27. Nc3 Rac8 28. exf5 ({Better is} 28. Rb1 $15) 28... Rxf5 (28... Nxf5 $17 29. g4 hxg4 30. Qxg4 Rc7) 29. Ne4 Nb4 {And now ...Nc2 would win.} 30. Nbd2 $1 Nbxd5 {[%cal Bb4d5,Bd5f6,Bf6e4][%mdl 32]} 31. Rd3 (31. Rfa1 $15) 31... Qa6 32. Rf3 (32. Rb3 $17) 32... Rcf8 ({Black should try} 32... Rc2 $19 33. Re1 Rxb2) 33. Ra3 $15 Qc6 $36 {[%mdl 2048] Black has some pressure.} 34. Rfa1 $2 {[#]} (34. Qg2 $1 $15) 34... Nf6 $1 $19 {[%cal Rf6e4]} 35. Rc3 Qd5 36. Qg2 {Black must now prevent Rc7.} Nxe4 37. Nxe4 {Hoping for Rc7.} Qd4 38. Rc7 $2 (38. Rc2) 38... d5 39. Rxe7 dxe4 40. Re1 Rxf2 {Black mates.} 41. Qxe4 Rf1+ 42. Kg2 Qxe4+ {Precision: White = 25%, Black = 59%.} 0-1